Statistics for Five Biggest Cities by Containing Letter

Click here to take the quiz!

General Stats

  • This quiz has been taken 681 times
    (645 since last reset)
  • The average score is 35 of 60

Answer Stats

LettersCity% Correct
E4, K4, N4, O5, R3, W1, Y3New York
96%
K1, O2, T1, Y1Tokyo
95%
D3London
92%
B2, E5, G3, J2, N5Beijing
91%
P2Paris
91%
A2, G2, H2, I1, N2, S1Shanghai
91%
A3, J1, K2, R1, T2Jakarta
90%
G4, L5, S5Los Angeles
90%
C3, M4, W2Moscow
89%
C4, R4Cairo
88%
D1, E1, H3, I2, L1Delhi
88%
B1, I5, M2, U3Mumbai
88%
L4, P1, S3, U4São Paulo
87%
D4, J4Rio de Janeiro
86%
A1, G1, H1, N1, O1, U1, Z1Guangzhou
85%
A5, I4, L3, M1, N3Manila
84%
C2, E3, M3, O4, T3, X1, Y2Mexico City
84%
B5, T5Istanbul
81%
G5Lagos
80%
E2, L2, O3, S2, U2Seoul
79%
B4, R5, U5Buenos Aires
78%
K5, S4Osaka
78%
B3Bangkok
77%
A4, C1, H4, I3, K3, R2Karachi
75%
T4Kolkata
72%
J3Johannesburg
71%
X3Xi'an
71%
D2, H5Dhaka
70%
M5Lima
65%
C5Chennai
61%
W4Wuhan
57%
X2Xiamen
55%
P5Kuala Lumpur
54%
Y4Nagoya
54%
P3Taipei
54%
Y5Hyderabad
52%
J5Tianjin
51%
W3Washington DC
50%
D5Chengdu
49%
Q5Quito
49%
F1San Francisco
49%
Q1Chongqing
46%
X4Alexandria
42%
P4Philadelphia
39%
Z2Hangzhou
37%
Q2Qingdao
34%
V3Kiev
33%
X5Phoenix
32%
Z4Zhengzhou
31%
Q3Ürümqi
27%
F4, Z5Fuzhou
25%
F5Recife
20%
F3Faisalabad
19%
W5, Z3Wenzhou
19%
Q4Guayaquil
17%
V2Denver
16%
V5Tel Aviv
16%
V1Salvador
15%
F2Hefei
14%
V4Cleveland
5%

Score Distribution

Percentile by Number Answered

Percent of People with Each Score

Your Score History

You have not taken this quiz since the last reset